000 00552nam a2200205Ia 4500
005 20230811110429.0
008 131103s9999 xx 000 0 und d
040 _aLoreto College
041 _aEnglish
082 _a920
_bSIT
100 _aSitwell,Osbert
245 4 _aThe Scarlet Tree
_b an autobiography
_cOsbert Sitwell
260 _aLondon
_bThe Reprint Society
_c1946 (1947 printing)
300 _avii,334 p.
_b illus.
504 _aIncludes index
650 _aSitwell,Osbert
651 _aAutobiography
850 _aLCLIB
942 _cBK
999 _c13921
_d64400